Strength of Materials and Structures (Record no. 402)

000 -LEADER
fixed length control field 00730nam a2200253 a 4500
003 - CONTROL NUMBER IDENTIFIER
control field PK-NaQUE
005 - DATE AND TIME OF LATEST TRANSACTION
control field 20260120142509.0
008 - FIXED-LENGTH DATA ELEMENTS--GENERAL INFORMATION
fixed length control field 260120b ||||| |||| 00| 0 eng d
020 ## - INTERNATIONAL STANDARD BOOK NUMBER
International Standard Book Number 0340719206 (paperback)
020 ## - INTERNATIONAL STANDARD BOOK NUMBER
International Standard Book Number 9780340719206 (paperback)
040 ## - CATALOGING SOURCE
Transcribing agency QUEST
100 1# - MAIN ENTRY--PERSONAL NAME
Personal name Case, John
245 10 - TITLE STATEMENT
Title Strength of Materials and Structures
250 ## - EDITION STATEMENT
Edition statement 4th ed.
260 ## - PUBLICATION, DISTRIBUTION, ETC. (IMPRINT)
Place of publication, distribution, etc [S.l.] :
Name of publisher, distributor, etc Butterworth-Heinemann,
Date of publication, distribution, etc 1999.
300 ## - PHYSICAL DESCRIPTION
Extent 720 p. ;
650 ## - SUBJECT ADDED ENTRY--TOPICAL TERM
Topical term or geographic name as entry element Strength of materials
650 ## - SUBJECT ADDED ENTRY--TOPICAL TERM
Topical term or geographic name as entry element Materials--Analysis
650 ## - SUBJECT ADDED ENTRY--TOPICAL TERM
Topical term or geographic name as entry element Structural analysis (Engineering)
700 1# - ADDED ENTRY--PERSONAL NAME
Personal name Ross, Carl T T
700 1# - ADDED ENTRY--PERSONAL NAME
Personal name Chilver, Lord
856 40 - ELECTRONIC LOCATION AND ACCESS
Uniform Resource Identifier http://10.10.170.122:8080/browse/book/12839
Link text Download eBook
942 ## - ADDED ENTRY ELEMENTS (KOHA)
Koha item type Books
Source of classification or shelving scheme
Holdings
Withdrawn status Lost status Damaged status Not for loan Permanent Location Current Location Date acquired Full call number Barcode Date last seen Price effective from Koha item type Total Checkouts Date checked out Shelving location
        Book Bank Section Book Bank Section 2014-04-24 620.112CAS B6524 2014-04-24 2014-04-24 Books      
        Book Bank Section Book Bank Section 2014-04-24 620.112CAS B6525 2014-04-24 2014-04-24 Books      
        Book Bank Section Book Bank Section 2014-04-24 620.112CAS B6526 2018-10-29 2014-04-24 Books 1 2015-09-29  
        Book Bank Section Book Bank Section 2014-04-24 620.112CAS B6527 2025-03-06 2014-04-24 Books 2 2024-11-01  
        Book Bank Section Book Bank Section 2014-04-24 620.112CAS B6528 2014-04-24 2014-04-24 Books      
        Reference Section Reference Section 2014-04-30 620.11ROS (Shelf - 38B) 25646 2024-09-23 2024-09-23 Books     Reference

Copyright © 2018,The QUEST, Nawabshah, Shaheed Benazirabad. All rights reserved
Mr. G. Farooq Channar (Librarian) QUEST, Nawabshah, Sindh, Pakistan 67480.
 Ph#: |   0244-9370381-4 Ext. 2308   Email| lib@quest.edu.pk   Web|  http://www.quest.edu.pk